000 00464nam a2200181Ia 4500
003 GCL
008 140319s9999 xx 000 0 eng d
040 _aGCL /
_cGCL
082 0 4 _a701.18
_bK A
100 1 _aKISSICK, JOHN
245 1 0 _aART: CONTEXT AND CRITICISM /
_cKISSICK, JOHN
260 _a[S.N] :
_bBROWN - BENCHMARK ،
_c1996
300 _a512 P
650 0 4 _aARTS
650 0 4 _aART - CRITICISM
650 0 4 _aART HISTORY - CRITICISM
942 _2ddc
_cBK
999 _c13801
_d13801